| 000 | 00668nam a22002177a 4500 | ||
|---|---|---|---|
| 005 | 20251108165327.0 | ||
| 008 | 250721s1996 xx 000 0 ara d | ||
| 082 | 1 | 4 | _a636/ويل |
| 100 | 1 | _aويلكنسون، ج . م | |
| 245 | 1 | 0 | _aإنتاج اللبن و اللحم من المراعي / |
| 250 | _aط2 | ||
| 264 | 1 |
_aالقاهرة : _bالدار العربية للنشر و التوزيع، _c1996. |
|
| 300 | _a175ص | ||
| 650 | 1 | 7 | _aالأبقار |
| 650 | 1 | 7 | _aالألبان |
| 650 | 1 | 7 | _aالمراعي |
| 650 | 1 | 7 | _aالمواشي |
| 700 | 1 |
_aالشربيني، أحمد عبد السلام _eترجمة |
|
| 942 |
_2ddc _cBK |
||
| 999 |
_c25201 _d25201 |
||